Inquiry into life. (Record no. 15918)
[ view plain ]
| 000 -LEADER | |
|---|---|
| fixed length control field | 00439nam a2200157Ia 4500 |
| 020 ## - INTERNATIONAL STANDARD BOOK NUMBER | |
| ISBN | 0697251918 |
| 040 ## - CATALOGING SOURCE | |
| Transcribing agency | BSC |
| 082 ## - DEWEY DECIMAL CLASSIFICATION NUMBER | |
| Classification number | 570 BRO 1997 A082 Or. |
| 100 1# - MAIN ENTRY--AUTHOR NAME | |
| Personal name | Mader, Sylvia S. |
| 245 10 - TITLE STATEMENT | |
| Title | Inquiry into life. |
| 260 ## - PUBLICATION, DISTRIBUTION, ETC. (IMPRINT) | |
| Place of publication | Dubuque, Iowa : |
| Name of publisher | W.C. Brown, |
| Year of publication | c1997. |
| 300 ## - PHYSICAL DESCRIPTION | |
| Number of Pages | viii, 215 p. : |
| Other physical details | chiefly ill. ; |
| Dimensions | 28 cm. |
| 500 ## - GENERAL NOTE | |
| General note | "To accompany Inquiry into life, 8/E by Sylvia S. Mader"--P. v. |
| 650 #0 - SUBJECT ADDED ENTRY--TOPICAL TERM | |
| Topical Term | Biology |
| 942 ## - ADDED ENTRY ELEMENTS (KOHA) | |
| Koha item type | សៀវភៅភាសាអង់គ្លេស |
| 952 ## - LOCATION AND ITEM INFORMATION (KOHA) | |
| Withdrawn status [LOCAL, KOHA] | 0 |
| Permanent Location | Date acquired | Koha item type | Lost status | Shelving location | Barcode | Current Location | Full call number |
|---|---|---|---|---|---|---|---|
| Library Block A | 2017-12-16 | សៀវភៅភាសាអង់គ្លេស | A082 | A12656 | Library Block B | 570 BRO 1997 A082 Or. |